书目信息 |
| 题名: |
建构设计
|
|
| 作者: | 傅筱 著 | |
| 分册: | ||
| 出版信息: | 南京 南京大学出版社 2025.07 |
|
| 页数: | 125页 | |
| 开本: | 21cm | |
| 丛书名: | 南大建筑实验手册 | |
| 单 册: | ||
| 中图分类: | TU2-53 | |
| 科图分类: | ||
| 主题词: | 建筑设计--jian zhu she ji--文集 | |
| 电子资源: | ||
| ISBN: | 978-7-305-29165-4 | |
| 000 | 01299nam 2200289 450 | |
| 001 | 95476 | |
| 005 | 20250902134002.12 | |
| 010 | @a978-7-305-29165-4@dCNY43.60 | |
| 010 | @dCNY218.00 (5册) | |
| 100 | @a20250801d2025 em y0chiy50 ea | |
| 101 | 0 | @achi |
| 102 | @aCN@b320000 | |
| 105 | @aa z 000yy | |
| 106 | @ar | |
| 200 | 1 | @a建构设计@Ajian gou she ji@d= Tectonic design@f傅筱著@zeng |
| 210 | @a南京@c南京大学出版社@d2025.07 | |
| 215 | @a125页@c彩图@d21cm | |
| 225 | 2 | @a南大建筑实验手册@Anan da jian zhu shi yan shou ce@f主编鲁安东 |
| 314 | @a傅筱, 博士, 国家一级注册建筑师, 长期从事一线创作实践, 注重设计研究与实践相结合,主要研究方向为绿色低碳建筑设计方法、BIM辅助建筑设计、建筑构造。 | |
| 330 | @a本书介绍了一组由“南大建筑”资深教师和青年教师正在开展的教学实验, 包括“动态与交互建筑”“电影建筑”“建构设计”“技术人文与共生设计”“城市异托邦”特色专题课程。这些课程均已有一定程度的教学积累, 包含原创性的对象命题和代表性的教学成果, 并基本形成了针对性的教学工具和方法。本册为《建构设计》。 | |
| 410 | 0 | @12001 @a南大建筑实验手册@1701 0@a鲁安东@Alu an dong@4主编 |
| 510 | 1 | @aTectonic design@zeng |
| 606 | 0 | @a建筑设计@Ajian zhu she ji@j文集 |
| 690 | @aTU2-53@v5 | |
| 701 | 0 | @a傅筱@Afu xiao@4著 |
| 801 | 0 | @aCN@c20250909 |
| 905 | @a河南城建学院图书馆@dTU2-53@eL810:3@f1 | |
| 建构设计= Tectonic design/傅筱著.-南京:南京大学出版社,2025.07 |
| 125页:彩图;21cm.-(南大建筑实验手册/主编鲁安东) |
| ISBN 978-7-305-29165-4:CNY43.60 |
| 本书介绍了一组由“南大建筑”资深教师和青年教师正在开展的教学实验, 包括“动态与交互建筑”“电影建筑”“建构设计”“技术人文与共生设计”“城市异托邦”特色专题课程。这些课程均已有一定程度的教学积累, 包含原创性的对象命题和代表性的教学成果, 并基本形成了针对性的教学工具和方法。本册为《建构设计》。 |
| ● |
| 相关链接 |
|
|
|
正题名:建构设计
索取号:TU2-53/L810:3
 
预约/预借
| 序号 | 登录号 | 条形码 | 馆藏地/架位号 | 状态 | 备注 |
| 1 | 1629534 | 216295346 | 建筑库101/101建筑库 31排4列5层/ [索取号:TU2-53/L810:3] | 在馆 |